000 00346 a2200145 4500
005 20250313145854.0
020 _a0 86277 432 2
082 _a336.24 ACCA
111 _aACCA
245 _aTaxation: Practice & Revision Kit.
250 _a4th Ed.
260 _aLondon,
_bBPP Publishing Limited,
_c1991.
300 _a210p.:
_c30cm
942 _2ddc
_cBKS
999 _c570
_d570